Which Flags Contain Green? - Sudden Death - Statistics

General Stats
  • This quiz has been taken 59 times
  • The average score is 12 of 16
Answers on the Grid
Answers color-coded by a green-red scale on the quiz's grid according to % correct below.
 
Answer Stats
Answer % Correct
87%
87%
84%
82%
82%
82%
80%
80%
78%
78%
76%
76%
73%
71%
64%
31%
No matching quizzes found
Score Distribution
Percent of People with Each Score
Percentile by Number Answered
Your Score History
You have not taken this quiz